100位新中国成立以来感动中国人物 - Statistics

General Stats
  • This quiz has been taken 35 times
  • The average score is 15 of 100
Answer Stats
人物 事迹概述 % Correct
钱学森 中国导弹之父
84%
袁隆平 世界“杂交水稻之父”
84%
焦裕禄 县委书记的榜样
69%
毛岸英 毛泽东的儿子,一个普通人
69%
中国女排五连冠群体 世界排球史上第一支连续五次夺冠的队伍
69%
王进喜 “拼命也要拿下大油田”的铁人
66%
黄继光 舍身堵住敌人的枪眼
63%
陈景润 哥德巴赫猜想第一人
59%
雷锋 把有限的生命投入到无限的为人民服务之中去
59%
杨利伟 进入太空的第一个中国人
59%
邓稼先 中国“两弹一星”功勋获得者
56%
钟南山 我国呼吸疾病科研与临床医疗的领头人
56%
林巧稚 现代妇产科学的奠基者和开拓者
53%
邱少云 在烈火中永生
47%
李四光 他摘掉了“中国贫油”的帽子
41%
樊锦诗 敦煌女儿
38%
孔繁森 新时期领导干部的楷模
34%
任长霞 警界女神警
34%
容国团 中国第一个世界冠军获得者
34%
赖宁 扑灭山火的小英雄
31%
申纪兰 她连任十一届全国人大代表
31%
时传祥 宁肯一人臭,换来万户香
31%
罗盛教 冰窟里勇救朝鲜儿童
28%
彭加木 罗布泊之魂
28%
张海迪 轮椅上的“当代保尔”
28%
白芳礼 他靠蹬三轮车捐助了35万
25%
华罗庚 中国的爱因斯坦
22%
草原英雄小姐妹 草原上两朵“最鲜艳的花”
16%
林浩 抗震救灾英雄少年
16%
孟泰 鞍钢老英雄
13%
常香玉 爱国艺人
9%
苏宁 献身国防现代化的模范干部
9%
王选 具有市场头脑的科学家
9%
欧阳海 爱民模范
6%
谭千秋 地震来临,撑起自己的臂膀
6%
吴仁宝 “天下第一村”领头人
6%
杨根思 人在阵地在
6%
张秉贵 “燕京第九景”的普通售货员
6%
包起帆 港口装卸工具发明家
3%
丛飞 183名贫困儿童的“爸爸”
3%
谷文昌 东山岛上的“愚公”
3%
林秀贞 一位尊老爱幼的伟大女性
3%
史光柱 一棵无人知道的小草
3%
邰丽华 美与人性的使者
3%
唐山十三农民 13个知恩图报的普通农民
3%
廷·巴特尔 扎根草原的将军儿子
3%
文花枝 “我是导游,先救游客”
3%
吴大观 中国航空发动机之父
3%
向秀丽 救火女英雄
3%
徐虎 辛苦我一人,方便千万家
3%
许振超 青岛港中的“蓝领专家”
3%
叶欣 牺牲在抗击“非典”战场上的护士
3%
赵梦桃 纺织战线上的骄傲
3%
达吾提·阿西木 他是群众的主心骨
0%
邓建军 了不起的中国工人
0%
邓平寿 虎城“泥脚书记”
0%
丁晓兵 边疆的忠诚卫士
0%
窦铁成 工人教授
0%
方红霄 犯罪分子眼中钉,人民心中一颗星
0%
方永刚 忠诚党的创新理论的模范教员
0%
甘远志 汗水铺就光明路的记者
0%
韩素云 优秀军人妻子
0%
蒋筑英 知识分子的优秀代表
0%
孔祥瑞 自学成才,岗位创新,人人可为
0%
李春燕 一位普通的乡村女医生
0%
李登海 中国紧凑型杂交玉米之父
0%
李桂林和陆建芬夫妇 撑起“天梯学校”的夫妇
0%
李梦桃 哈萨克人民的好医生
0%
李素芝 雪域神医
0%
刘文学 少年英雄
0%
刘英俊 他冲向疾驰的马车
0%
罗健夫 中国式保尔
0%
罗映珍 她用爱唤醒了沉睡三年的丈夫
0%
马海德 新中国卫生事业的先驱
0%
马恒昌 新中国第一代全国劳动模范
0%
马万水 一个特别能战斗的矿山工人
0%
马永顺 伐木能手,栽树英雄
0%
麦贤得 钢铁战士
0%
孟二冬 他是传统文化和现代精神的完美融合
0%
秦文贵 戈壁荒漠上的石油人
0%
邱娥国 群众贴心人
0%
邱光华 他的英名铭刻在巴山蜀水间
0%
史来贺 农民致富的领头人
0%
宋鱼水 人民满意的好法官
0%
谭彦 人民法官的杰出代表
0%
谭竹青 小巷总理
0%
王杰 一不怕苦,二不怕死,一个大无畏的人
0%
王乐义 他引发了中国农业的“菜篮子革命”
0%
王启民 “宁可把心血熬干,也要让油田稳产再高产”
0%
王顺友 他撑起了山路上的“流动邮局”
0%
王瑛 鞠躬尽瘁只为人民的大山女儿
0%
王有德 “让沙漠绿起来”的治沙能手
0%
吴登云 帕米尔高原上的白衣圣人
0%
吴金印 乡镇党委书记的榜样
0%
吴天祥 为党分忧、为民解难的公仆
0%
谢延信 中华孝亲爱老之星
0%
邢燕子 全家都在城,自己愿留乡
0%
杨怀远 人民的“挑夫”
0%
张华 勇于献身的优秀大学生
0%
张云泉 人民满意的公务员
0%
No matching quizzes found
Score Distribution
Percent of People with Each Score
Percentile by Number Answered
Your Score History
You have not taken this quiz